Tropami bolszewickiej "Pożogi"
| Titel: | Tropami bolszewickiej "Pożogi" / Marek A. Koprowski |
|---|---|
| Verfasser: | |
| Veröffentlicht: | Komorów : Wydawn. Antyk, [2012] |
| Umfang: | 382 S. : Ill. ; 21 cm |
| Format: | Buch |
| Sprache: | Polnisch |
| ISBN: | 9788387809813 |
| Hinweise zum Inhalt: |
Inhaltsverzeichnis
Inhaltsverzeichnis |
X
alg: 34123247 001A $03004:18-06-14 001B $01999:09-06-23 $t21:45:22.000 001D $03004:24-07-14 001U $0utf8 001X $00 002@ $0Aau 003@ $0341232475 004D $0978-83-87809-81-3 006L $0BV040729938 $2BVB 007A $0BV040729938 $aBVB 007G $0DE0200EE78D2C7F831664C1257D2C00346238 009P $A2 $3Inhaltsverzeichnis $uhttp://bvbr.bib-bvb.de:8991/F?func=service&doc_library=BVB01&local_base=BVB01&doc_number=025710000&line_number=0001&func_code=DB_RECORDS&service_type=MEDIA 009P $qapplication/pdf $A2 $3Inhaltsverzeichnis $uhttp://scans.hebis.de/HEBCGI/show.pl?34123247_toc.pdf $mV:DE-603;B:DE-Mb50 010@ $apol 011@ $a2012 $n[2012] 021A $aTropami bolszewickiej "Pożogi" $hMarek A. Koprowski 028A $D20220215 $Ecgwrk $71054939195 $8Koprowski, Marek A.$Z1947- [Tp3] $9344573184 033A $pKomorów $nWydawn. Antyk 034D $a382 S. 034I $a21 cm 034M $aIll. 037A $aRok wyd. wg.: http://www.ksiegarnia.antyk.org.pl 041A $RUkrainische SSR $#Ukraine $#Ukraine $#Украïна $#Ukrainische SSR $#Ukrajina $#Ukraina $#Ukrai͏̈na Ukraine $#Ukraina Ukraine $#Ukrajna $74061496-7 $8Ukraine [Tgz] $9085170801 041A/01 $RPolin $#Polish people $#Polonais $#Polen (Personen) $#Pole $74046497-0 $8Polen$gVolk [Ts1] $908512981X 041A/02 $RVerfolgung $RPolitisch Verfolgter $#State-sponsored terrorism $#Political persecution $#Terrorisme d'État $#Répression politique $#Terrorismo de Estado $#Politische Repression $#politische Verfolgung $#Terror $#Staatsterrorismus $#Staat Terror $74046565-2 $8Politische Verfolgung [Ts1] $9085129992 041A/03 $RKommunismus $REntstalinisierung $#Stalinisme $#Stalinismus $74056883-0 $8Stalinismus [Ts1] $9085158437 045F $eDDC22ger 045F/01 $a306.09 045F/03 $f0904 045F/03 $g438 045G $eDDC22ger 045G/01 $a340.09 045G/03 $f0904 045G/03 $g947.08 045H $eDDC22ger 045H/01 $a900 045H/03 $f0904 045H/03 $g477 045I $eDDC22ger 045I/01 $a909 045I/03 $f0904 045I/03 $g947.08 045J $a900.94380904 $eDDC23BSB 045J/01 $a900 045J/03 $f0904 045J/03 $f09043 045J/03 $f09044 045J/03 $g438 045J/03 $g471 lok: 34123247 24 101B $024-07-14 $t11:12:41.000 101C $024-07-14 101U $0utf8 145Z/01 $a32 7 Nk 145Z/02 $a41 7 N 145Z/03 $a41 7 Mk exp: 34123247 24 1 #EPN 201B/01 $024-07-14 $t11:13:38.000 201C/01 $018-06-14 201U/01 $0utf8 203@/01 $0733119050 208@/01 $a24-07-14 $bz 209A/01 $a14.07021 $du $f050 $h14 07021 $x00 209C/01 $a14.07021 K $h14 07021 K 209G/01 $a73492220 $x00 220C/01 $awal 247C/01 $8358050-7Marburg, Bibliothek des Herder-Instituts Marburg $9102600961 lok: 34123247 78 exp: 34123247 78 1 #EPN 201B/01 $009-07-19 $t09:14:43.000 201C/01 $009-07-19 201U/01 $0utf8 203@/01 $01055322760 208@/01 $a09-07-19 $be 209A/01 $a/ $f000 $x00 209A/01 $ab*p $x01 220C/01 $apgar 244Z/01 $#Generalgouvernement Polen $#Polska $#Rzeczpospolita Polska $#Polska Rzeczpospolita Ludowa $#Poland $#Pologne $#République Polonaise $#Generalne Gubernatorstwo w Polsce $#Polish People's Republic $#Polska Rzeczpospolita Polen $#PRL $#RP $#Polen Generalgouvernement $#Polska Generalgouvernement $#Besetzte Polnische Gebiete $#Besetztes Gebiet in Polen $#Okupowane Polskie Obszary $#Obszary Okupowane w Polsce $#Volksrepublik Polen $#Polska Rosyjska $#Republic Polen $#Respublika Pol'ša $#Pol'skaja Narodnaja Respublika $#République de Pologne $#Polen Links der Weichsel $#Polska po Lewej Stronie Wisły $#Lenkija $#Polija $#Gubernija Carstva Pol'skago $#Republik Polen $74046496-9 $8--Tg1--Polen $x01 $9085129801 247C/01 $82080>Marburg/Lahn, Herder-Institut, Forschungsbibliothek, Bibliographieportal $9336309341
| LEADER | 00000cam a2200000 c 4500 | ||
|---|---|---|---|
| 001 | 341232475 | ||
| 003 | DE-603 | ||
| 005 | 20230609214522.0 | ||
| 007 | tu | ||
| 008 | 140618s2012 xx |||| | u00||u|pol c | ||
| 020 | |z 9788387809813 | ||
| 035 | |a (DE-599)BVBBV040729938 | ||
| 035 | |a (DE-604)BV040729938 | ||
| 040 | |a DE-603 |b ger |c DE-603 |d DE-603 | ||
| 041 | |a pol | ||
| 083 | 0 | |8 5\u |a 900.94380904 |q DE-101 |2 23/BSB | |
| 085 | |8 1\u |b 306.09 | ||
| 085 | |8 1\u |z 1 |s 0904 | ||
| 085 | |8 1\u |z 2 |s 438 | ||
| 085 | |8 2\u |b 340.09 | ||
| 085 | |8 2\u |z 1 |s 0904 | ||
| 085 | |8 2\u |z 2 |s 947.08 | ||
| 085 | |8 3\u |b 900 | ||
| 085 | |8 3\u |z 1 |s 0904 | ||
| 085 | |8 3\u |z 2 |s 477 | ||
| 085 | |8 4\u |b 909 | ||
| 085 | |8 4\u |z 1 |s 0904 | ||
| 085 | |8 4\u |z 2 |s 947.08 | ||
| 085 | |8 5\u |b 900 | ||
| 085 | |8 5\u |z 1 |s 0904 | ||
| 085 | |8 5\u |z 1 |s 09043 | ||
| 085 | |8 5\u |z 1 |s 09044 | ||
| 085 | |8 5\u |z 2 |s 438 | ||
| 085 | |8 5\u |z 2 |s 471 | ||
| 100 | 1 | |a Koprowski, Marek A. |d 1947- |0 (DE-603)344573184 |0 (DE-588)1054939195 |2 gnd | |
| 245 | 0 | 0 | |a Tropami bolszewickiej "Pożogi" |c Marek A. Koprowski |
| 264 | 1 | |a Komorów |b Wydawn. Antyk |c [2012] | |
| 300 | |a 382 S. |b Ill. |c 21 cm | ||
| 500 | |a Rok wyd. wg.: http://www.ksiegarnia.antyk.org.pl | ||
| 650 | 7 | |a Polen |g Volk |0 (DE-588)4046497-0 |0 (DE-603)08512981X |2 gnd | |
| 650 | 7 | |a Politische Verfolgung |0 (DE-588)4046565-2 |0 (DE-603)085129992 |2 gnd | |
| 650 | 7 | |a Stalinismus |0 (DE-588)4056883-0 |0 (DE-603)085158437 |2 gnd | |
| 651 | 7 | |a Ukraine |0 (DE-588)4061496-7 |0 (DE-603)085170801 |2 gnd | |
| 856 | 4 | 2 | |u http://bvbr.bib-bvb.de:8991/F?func=service&doc_library=BVB01&local_base=BVB01&doc_number=025710000&line_number=0001&func_code=DB_RECORDS&service_type=MEDIA |3 Inhaltsverzeichnis |
| 856 | 4 | 2 | |m V:DE-603;B:DE-Mb50 |q application/pdf |u http://scans.hebis.de/HEBCGI/show.pl?34123247_toc.pdf |3 Inhaltsverzeichnis |
| 924 | 0 | |9 Mb 50 |a (DE-603)733119050 |b DE-Mb50 |c HES |d c |g 14.07021 | |
| 924 | 0 | |9 2080 |a (DE-603)1055322760 |b DE-2080 |c HES |d d |g / | |


